000 01151nam a2200337Ia 4500
003 OSt
005 20220912145343.0
006 a|||||r|||| 00| 0
007 ta
008 220909b |||||||| |||| 00| 0 eng d
020 _a9781420046502 (hbd)
024 _a111059
037 _b401, 23/07/2010, Aviva Books Company
037 _cTextual
040 _aCSL
_beng
_cCSL
041 _aeng
082 _aG11:(9S:71), P9-;1
100 _aNajarian Kayvan
245 0 _aSystems biology and bioinformatics:a computational approach
260 _aBoca Raton
_bCRC Pres
_c2009
300 _axxiii, 166p.
_ccm.
500 _aIncludes bibliographical references.; Index 159-166p.
650 _a System biology
650 _aComputer science
700 _a Eichelberger Christopher N
700 _a Eichelberger Christopher N
700 _a Gharibzadeh Shahriar
700 _a Najarian Siamak
942 _hG11:(9S:71), P9-;1
_cTEXL
_2CC
999 _c29699
_d29699